000 00304nam a22001457a 4500
020 _a0-330-32741-0
082 _a813.54
100 _aRobin Cook
245 _aBlind Sight
260 _aLondon
_bPan Books
_c1993
300 _a429p.
_e18cm.
650 _aFiction
700 _aCook, Robin
942 _cBK
999 _c12288
_d12288